| 000 | 00470nam a2200157 i 4500 | ||
|---|---|---|---|
| 001 | 25784 | ||
| 003 | ES-MaACL | ||
| 005 | 20230906153331.0 | ||
| 007 | t| | ||
| 008 | 030102s1981 sp ||||1| spa d | ||
| 100 | 1 |
_aAriza Viguera, Manuel. _922874 |
|
| 245 | 1 | 0 |
_aIntento de bibliografía de la onomástica hispánica / _cManuel Ariza. |
| 260 |
_aCáceres : _b[Universidad de Extremadura], _c1981. |
||
| 300 |
_a116 p. ; _c24 cm. |
||
| 852 |
_aES-MaACL _jL-2428 _bR.103363 |
||
| 999 |
_c25784 _d25784 |
||